[Event "La Roda op 50th"]
[Site "La Roda"]
[Date "2024.03.29"]
[Round "5"]
[White "Martinez Ramirez, Lennis"]
[Black "Alvarez Serrano, Carlos"]
[Result "1-0"]
[WhiteElo "2450"]
[BlackElo "2230"]
[PlyCount "103"]
[EventDate "2024.03.27"]
[EventType "swiss"]
[EventRounds "9"]
[EventCountry "ESP"]
[SourceTitle "CB14_2024"]
[SourceDate "2024.04.01"]
[SourceVersion "1"]
[SourceVersionDate "2024.04.01"]
[SourceQuality "1"]

1. c4 Nf6 2. Nc3 e6 3. e4 d5 4. e5 d4 5. exf6 dxc3 6. bxc3 Qxf6 7. d4 b6 8. Be2 Bb7 9. Bf3 Bxf3 10. Nxf3 Bd6 11. Qa4+ c6 12. Bg5 Qf5 13. 0-0 0-0 14. Rab1 h6 15. Bh4 Qd3 16. Bg3 Bxg3 17. hxg3 Qxc3 18. Rfc1 Qd3 19. Rb3 Qf5 20. Rxb6 axb6 21. Qxa8 c5 22. Qb7 cxd4 23. Qxb6 e5 24. Qb5 Nd7 25. Nxd4 Qg4 26. Nc2 Rb8 27. Ne3 Rxb5 28. Nxg4 Ra5 29. Rc2 Kf8 30. Ne3 Ke7 31. g4 g6 32. g3 Ke6 33. Rd2 Nb6 34. Kg2 Rc5 35. Kf3 f5 36. gxf5+ gxf5 37. Rb2 Nd7 38. Rb5 Rc6 39. a4 h5 40. a5 h4 41. gxh4 f4 42. Nd5 Rxc4 43. h5 Kf5 44. h6 Nf8 45. a6 Ra4 46. Nc7 Ng6 47. Ke2 Ke4 48. f3+ Kd4 49. Rd5+ Kc4 50. Rd6 Ra2+ 51. Rd2 Ra3 52. Rc2+ 1-0

[Event "La Roda op 50th"]
[Site "La Roda"]
[Date "2024.03.28"]
[Round "3"]
[White "Iturrizaga Bonelli, Eduardo"]
[Black "Alvarez Serrano, Carlos"]
[Result "1-0"]
[WhiteElo "2588"]
[BlackElo "2230"]
[PlyCount "79"]
[EventDate "2024.03.27"]
[EventType "swiss"]
[EventRounds "9"]
[EventCountry "ESP"]
[SourceTitle "CB14_2024"]
[SourceDate "2024.04.01"]
[SourceVersion "1"]
[SourceVersionDate "2024.04.01"]
[SourceQuality "1"]

1. c4 Nf6 2. g3 e6 3. Bg2 d5 4. Nf3 Nbd7 5. Qc2 Be7 6. 0-0 0-0 7. d4 c6 8. Bf4 Nh5 9. Bc1 Nhf6 10. Nbd2 b6 11. e4 Bb7 12. Re1 Rc8 13. e5 Ne8 14. cxd5 cxd5 15. Qa4 Nc7 16. Bf1 a5 17. Bd3 Ba6 18. Bb1 Na8 19. Qd1 Re8 20. h4 Nf8 21. Nf1 Bb4 22. Bd2 Qe7 23. Ne3 Rc6 24. a3 Bxd2 25. Qxd2 Rec8 26. h5 Nc7 27. Kg2 Ne8 28. Ng4 Kh8 29. Qf4 Bb5 30. Rh1 Ba4 31. Ne3 R6c7 32. Bd3 Qd7 33. Rae1 Bb5 34. Bb1 Ba4 35. g4 Qb5 36. g5 Kg8 37. g6 h6 38. Ng4 Bc2 39. Bxc2 Rxc2 40. Qxf7+ 1-0

[Event "ESP-chT Rapid"]
[Site "Ciudad Real"]
[Date "2021.10.09"]
[Round "2.1"]
[White "Alonso Rosell, Alvar"]
[Black "Alvarez Serrano, Carlos"]
[Result "1/2-1/2"]
[WhiteElo "2570"]
[BlackElo "2200"]
[PlyCount "195"]
[EventDate "2021.10.09"]
[EventType "team-swiss (rapid)"]
[EventRounds "9"]
[EventCountry "ESP"]
[SourceTitle "CBM 204 Extra"]
[Source "ChessBase"]
[SourceDate "2021.11.30"]
[SourceVersion "1"]
[SourceVersionDate "2021.11.30"]
[SourceQuality "1"]
[WhiteTeam "Silla Bosch Serinsys"]
[BlackTeam "Albacete Excalibur"]
[WhiteTeamCountry "ESP"]
[BlackTeamCountry "ESP"]

1. d4 Nf6 2. c4 e6 3. Nf3 d5 4. g3 Be7 5. Bg2 0-0 6. Nc3 c6 7. 0-0 Nbd7 8. b3 b6 9. Nd2 Bb7 10. e4 dxe4 11. Ndxe4 Nxe4 12. Bxe4 Nf6 13. Bg2 Qc8 14. Qf3 Rd8 15. Rd1 Rb8 16. Bf4 Bd6 17. Be5 c5 18. Qf4 Bxe5 19. dxe5 Nd7 20. Bxb7 Qxb7 21. Ne4 Nf8 22. Nd6 Qe7 23. h4 Rd7 24. h5 h6 25. Rd2 Rbd8 26. Rad1 Qg5 27. Qxg5 hxg5 28. Kf1 g4 29. Ke2 f6 30. exf6 gxf6 31. Nb5 a5 32. Rxd7 Rxd7 33. Nd6 Kh7 34. Rd3 Kh6 35. Nc8 Rxd3 36. Kxd3 Nd7 37. Ke4 Kxh5 38. Kf4 f5 39. Ne7 Kh6 40. a3 Kg7 41. Kg5 Ne5 42. a4 Nf3+ 43. Kf4 Kf6 44. Nc8 Nd4 45. Nxb6 e5+ 46. Ke3 Nxb3 47. Nd5+ Ke6 48. Nc7+ Kd6 49. Nd5 Nd4 50. Nc3 Nc2+ 51. Kd3 Nb4+ 52. Ke3 e4 53. Kf4 Ke6 54. Nb5 Nd3+ 55. Ke3 Nb2 56. Nc7+ Ke5 57. Na6 Nxc4+ 58. Ke2 Kd4 59. Nc7 Nb2 60. Ne6+ Kd5 61. Nf4+ Kc4 62. Kd2 Nxa4 63. Ng2 Kd4 64. Ne3 Ke5 65. Nc4+ Kd4 66. Nxa5 c4 67. Nc6+ Kd5 68. Ne7+ Ke6 69. Nc6 Nc5 70. Nd4+ Ke5 71. Nc6+ Kf6 72. Ke3 Nd3 73. Nd4 c3 74. Nc2 Ke5 75. Ke2 Nc1+ 76. Kd1 Nb3 77. Ne3 Nd4 78. Kc1 Kd6 79. Nd1 Ne2+ 80. Kc2 Kd5 81. Ne3+ Ke5 82. Nc4+ Kd4 83. Ne3 Ke5 84. Nc4+ Kf6 85. Nd6 Ke6 86. Nb5 f4 87. gxf4 Kf5 88. Kd1 Nxf4 89. Nxc3 Nd3 90. Ke2 Kf4 91. Nd5+ Ke5 92. Ne3 Kf4 93. Nd5+ Kg5 94. Ke3 Nxf2 95. Kxf2 Kh4 96. Kg2 g3 97. Ne3 Kg5 98. Kxg3 1/2-1/2

[Event "ESP-chT CECLUB Div1"]
[Site "Linares"]
[Date "2021.09.13"]
[Round "6.2"]
[White "Tejedor Fuente, Enrique"]
[Black "Alvarez Serrano, Carlos"]
[Result "1-0"]
[WhiteElo "2407"]
[BlackElo "2205"]
[PlyCount "143"]
[EventDate "2021.09.08"]
[EventType "team-tourn"]
[EventRounds "7"]
[EventCountry "ESP"]
[SourceTitle "CBM 204 Extra"]
[Source "ChessBase"]
[SourceDate "2021.11.30"]
[SourceVersion "1"]
[SourceVersionDate "2021.11.30"]
[SourceQuality "1"]
[WhiteTeam "Solvay"]
[BlackTeam "Albacete Excalibur"]
[WhiteTeamCountry "ESP"]
[BlackTeamCountry "ESP"]

1. e4 c5 2. Nf3 d6 3. d4 cxd4 4. Nxd4 Nf6 5. Nc3 Nc6 6. f3 e5 7. Nb3 Be6 8. Nd5 Be7 9. c4 0-0 10. Be3 Bxd5 11. cxd5 Nb8 12. Qd2 a5 13. Be2 Nfd7 14. 0-0 a4 15. Nc1 Qa5 16. Qxa5 Rxa5 17. Nd3 Ra8 18. b4 axb3 19. axb3 Na6 20. Nb2 Ndc5 21. Bxa6 Nxa6 22. Nc4 Nb4 23. Bb6 Ra6 24. Bc7 Rfa8 25. Rxa6 Rxa6 26. Ba5 Nd3 27. b4 b6 28. Bxb6 Nxb4 29. Rb1 Nd3 30. Ba5 f5 31. exf5 Nf4 32. Rb5 Kf7 33. Kf2 Nd3+ 34. Ke3 Nc5 35. f4 exf4+ 36. Kxf4 Nd3+ 37. Ke3 Nc5 38. g4 g6 39. fxg6+ hxg6 40. Rb1 Bg5+ 41. Kf3 Ke7 42. Rb8 Nd7 43. Rh8 Nf6 44. h4 Bc1 45. Bd8+ Kf7 46. Bxf6 Kxf6 47. Rh7 Ra4 48. g5+ Bxg5 49. hxg5+ Kxg5 50. Nxd6 Rd4 51. Rd7 Kf6 52. Ne8+ Kf5 53. d6 Rf4+ 54. Kg3 Rg4+ 55. Kh3 Rd4 56. Rf7+ Ke5 57. Re7+ Kd5 58. Kg3 g5 59. Ra7 Ke6 60. Re7+ Kd5 61. Kf3 g4+ 62. Kg3 Kc6 63. Rc7+ Kd5 64. Ra7 Ke6 65. Nc7+ Kf6 66. Ra6 Ke5 67. Ra5+ Kf6 68. Rc5 Kf7 69. Rf5+ Kg6 70. Rd5 Rxd5 71. Nxd5 Kf7 72. d7 1-0

[Event "ESP-chT CECLUB Div1"]
[Site "Linares"]
[Date "2021.09.08"]
[Round "1.1"]
[White "Alvarez Serrano, Carlos"]
[Black "Martinez Ramirez, Erik"]
[Result "1/2-1/2"]
[WhiteElo "2205"]
[BlackElo "2238"]
[PlyCount "49"]
[EventDate "2021.09.08"]
[EventType "team-tourn"]
[EventRounds "7"]
[EventCountry "ESP"]
[SourceTitle "CBM 204 Extra"]
[Source "ChessBase"]
[SourceDate "2021.11.30"]
[SourceVersion "1"]
[SourceVersionDate "2021.11.30"]
[SourceQuality "1"]
[WhiteTeam "Albacete Excalibur"]
[BlackTeam "Barbera"]
[WhiteTeamCountry "ESP"]
[BlackTeamCountry "ESP"]

1. d4 Nf6 2. c4 g6 3. Nc3 d5 4. cxd5 Nxd5 5. Bd2 Bg7 6. e4 Nxc3 7. Bxc3 0-0 8. Rc1 c6 9. Be2 Nd7 10. Nf3 Nb6 11. h3 f5 12. Qb3+ Kh8 13. exf5 Bxf5 14. Ne5 Qd5 15. Qxd5 Nxd5 16. Bd2 Rad8 17. 0-0 Nc7 18. Be3 Ne6 19. Bc4 Nxd4 20. Bxd4 Rxd4 21. Nf7+ Kg8 22. Nh6+ Kh8 23. Nf7+ Kg8 24. Nh6+ Kh8 25. Nf7+ 1/2-1/2

[Event "ESP-ch 86th"]
[Site "Linares"]
[Date "2021.08.22"]
[Round "7"]
[White "Alvarez Serrano, Carlos"]
[Black "Marzo Pie, Xavier"]
[Result "0-1"]
[WhiteElo "2237"]
[BlackElo "2078"]
[PlyCount "94"]
[EventDate "2021.08.16"]
[EventType "swiss"]
[EventRounds "9"]
[EventCountry "ESP"]
[SourceTitle "CBM 204 Extra"]
[Source "ChessBase"]
[SourceDate "2021.11.30"]
[SourceVersion "1"]
[SourceVersionDate "2021.11.30"]
[SourceQuality "1"]

1. c4 g6 2. Nc3 Bg7 3. Nf3 c5 4. e3 d6 5. d4 cxd4 6. exd4 Bg4 7. Be2 Nc6 8. Be3 Nh6 9. d5 Bxf3 10. Bxf3 Ne5 11. Be2 Nf5 12. Bd2 Rc8 13. Rc1 0-0 14. b3 a6 15. f4 Nd7 16. Bd3 e6 17. Qf3 Qb6 18. g3 Rfe8 19. Kf1 Nf6 20. dxe6 fxe6 21. Na4 Qa7 22. Qf2 Nd4 23. h3 b5 24. Nb2 e5 25. Bc3 Nh5 26. Bxd4 exd4 27. Nd1 g5 28. Qf3 Qf7 29. Be2 Rxe2 30. Kxe2 gxf4 31. gxf4 Nxf4+ 32. Kd2 Bh6 33. Qg4+ Ng6+ 34. Kc2 Re8 35. Kb1 Bxc1 36. Kxc1 bxc4 37. h4 cxb3 38. axb3 Qxb3 39. h5 Qa3+ 40. Kd2 Qa2+ 41. Kd3 Qb3+ 42. Kd2 d3 43. Ne3 Qa2+ 44. Kd1 Rb8 45. Ke1 d2+ 46. Ke2 d1Q+ 47. Kxd1 Rb1# 0-1

[Event "ESP-ch 86th"]
[Site "Linares"]
[Date "2021.08.20"]
[Round "5"]
[White "Garcia Fernandez, Victor"]
[Black "Alvarez Serrano, Carlos"]
[Result "0-1"]
[WhiteElo "1977"]
[BlackElo "2237"]
[PlyCount "96"]
[EventDate "2021.08.16"]
[EventType "swiss"]
[EventRounds "9"]
[EventCountry "ESP"]
[SourceTitle "CBM 204 Extra"]
[Source "ChessBase"]
[SourceDate "2021.11.30"]
[SourceVersion "1"]
[SourceVersionDate "2021.11.30"]
[SourceQuality "1"]

1. d4 Nf6 2. c4 e6 3. Nc3 d5 4. cxd5 exd5 5. Bg5 c6 6. e3 Be7 7. Bd3 Nbd7 8. h3 0-0 9. Bf4 Re8 10. Nf3 Nf8 11. Qc2 Ne6 12. Be5 g6 13. 0-0 Ng7 14. Rab1 a5 15. a3 Bf5 16. Bxf5 Nxf5 17. b4 axb4 18. axb4 b5 19. Bxf6 Bxf6 20. Ra1 Nd6 21. Nd2 Bg7 22. Ne2 Qb6 23. Nf4 Rxa1 24. Rxa1 Bxd4 25. exd4 Qxd4 26. Rd1 Qxf4 27. Qxc6 Re2 28. Nf3 Ne4 29. Rf1 Nf6 30. Rb1 Ne4 31. Rf1 Rb2 32. Qxb5 Nf6 33. Qc5 Rxb4 34. Ne5 Re4 35. Nc6 Kg7 36. Qa7 Qd6 37. Nd4 Qe5 38. Nf3 Qf4 39. Rd1 Ra4 40. Qe7 Ra2 41. Qb7 h5 42. Qb3 Re2 43. Qc3 Qf5 44. h4 Qc2 45. Qd4 Rxf2 46. Ne1 Qe2 47. Ra1 Rf1+ 48. Kh2 Rxe1 0-1

[Event "ESP-ch 86th"]
[Site "Linares"]
[Date "2021.08.18"]
[Round "3"]
[White "Alvarez Serrano, Carlos"]
[Black "Crespo Ruiz, Manuel"]
[Result "1-0"]
[WhiteElo "2237"]
[BlackElo "1975"]
[PlyCount "169"]
[EventDate "2021.08.16"]
[EventType "swiss"]
[EventRounds "9"]
[EventCountry "ESP"]
[SourceTitle "CBM 204 Extra"]
[Source "ChessBase"]
[SourceDate "2021.11.30"]
[SourceVersion "1"]
[SourceVersionDate "2021.11.30"]
[SourceQuality "1"]

1. d4 d5 2. Nf3 e6 3. c4 Nf6 4. cxd5 exd5 5. Nc3 a6 6. Bg5 Be6 7. e3 Nbd7 8. Bd3 c6 9. Qc2 Qc7 10. Rb1 Bd6 11. Bh4 0-0 12. b4 Bg4 13. Bg3 Bxg3 14. hxg3 g6 15. Ng5 Kg7 16. Nh3 Qd6 17. Nf4 Rfe8 18. 0-0 b5 19. f3 Be6 20. Qf2 Nb6 21. a4 Nc4 22. a5 Rad8 23. Rfd1 Bc8 24. Bxc4 bxc4 25. Na4 Re7 26. Nc5 Rde8 27. Re1 h5 28. Kf1 Ng8 29. e4 Nh6 30. Rbd1 dxe4 31. fxe4 Ng4 32. Qc2 Qf6 33. e5 Qg5 34. Ne4 Qh6 35. Kg1 h4 36. Qc3 Rh8 37. Nh3 hxg3 38. Qxg3 Bf5 39. Nd6 Be6 40. Nxc4 Bxc4 41. Qxg4 Be6 42. Qf4 Qxf4 43. Nxf4 Bg4 44. Rd2 Rb8 45. Nd3 Bf5 46. Nc5 Rxb4 47. Nxa6 Rb5 48. Rc1 Rxa5 49. Rxc6 Be4 50. Rd6 Rb7 51. Nc5 Rb1+ 52. Kf2 Bf5 53. Rc6 Raa1 54. d5 Rf1+ 55. Kg3 Rac1 56. Nb3 Rce1 57. e6 Re3+ 58. Kh2 fxe6 59. d6 e5 60. Nc5 Kh6 61. d7 Bxd7 62. Rxd7 Rf5 63. Rcc7 Rh5+ 64. Kg1 Kg5 65. Rg7 Re1+ 66. Kf2 Rhh1 67. Rc6 Rhf1+ 68. Kg3 Re3+ 69. Kh2 Rf6 70. Ne6+ Kf5 71. Re7 g5 72. Ng7+ Kg6 73. Rxf6+ Kxf6 74. Ra7 g4 75. Nh5+ Kg5 76. Ng3 Re1 77. Ra4 Re3 78. Nf1 Re2 79. Kg3 Kf5 80. Nh2 Re3+ 81. Kf2 Rb3 82. Nxg4 Rb2+ 83. Kf3 Rb5 84. Re4 Ra5 85. Rxe5+ 1-0

[Event "ESP-ch 86th"]
[Site "Linares"]
[Date "2021.08.17"]
[Round "2"]
[White "Cuenca Jimenez, Jose Fernando"]
[Black "Alvarez Serrano, Carlos"]
[Result "1-0"]
[WhiteElo "2542"]
[BlackElo "2237"]
[PlyCount "47"]
[EventDate "2021.08.16"]
[EventType "swiss"]
[EventRounds "9"]
[EventCountry "ESP"]
[SourceTitle "CBM 204 Extra"]
[Source "ChessBase"]
[SourceDate "2021.11.30"]
[SourceVersion "1"]
[SourceVersionDate "2021.11.30"]
[SourceQuality "1"]

1. d4 Nf6 2. c4 e6 3. g3 d5 4. Nf3 Bb4+ 5. Bd2 Bd6 6. Nc3 0-0 7. Bg5 Be7 8. Bg2 Nbd7 9. cxd5 exd5 10. 0-0 c6 11. Qc2 Ne4 12. Bc1 Nxc3 13. bxc3 Nb6 14. Nd2 g6 15. a4 Bf5 16. Qb3 Qd7 17. a5 Nc8 18. c4 dxc4 19. Nxc4 Bf6 20. Bh6 Re8 21. e3 Re7 22. Ne5 Bxe5 23. dxe5 Be6 24. Qb4 1-0

[Event "Conil op 1st"]
[Site "Conil de la Frontera"]
[Date "2021.07.18"]
[Round "7"]
[White "Alvarez Serrano, Carlos"]
[Black "Cuellar Montes, Alejandro"]
[Result "1/2-1/2"]
[WhiteElo "2212"]
[BlackElo "2087"]
[PlyCount "70"]
[EventDate "2021.07.15"]
[EventType "swiss"]
[EventRounds "7"]
[EventCountry "ESP"]
[SourceTitle "CBM 203 Extra"]
[Source "ChessBase"]
[SourceDate "2021.09.30"]
[SourceVersion "1"]
[SourceVersionDate "2021.09.30"]
[SourceQuality "1"]

1. Nf3 d5 2. g3 Nf6 3. Bg2 e6 4. 0-0 Be7 5. c4 0-0 6. b3 c5 7. Bb2 Nc6 8. e3 d4 9. exd4 cxd4 10. Re1 Bc5 11. Ne5 Nxe5 12. Rxe5 Qd6 13. Rxc5 Qxc5 14. Ba3 Qc7 15. Bxf8 Kxf8 16. d3 e5 17. Nd2 Bg4 18. Bf3 Bf5 19. Qe2 Re8 20. Ne4 Nd7 21. b4 b6 22. Rc1 Bxe4 23. Bxe4 g6 24. g4 Qd6 25. a3 Rc8 26. Qd2 Kg7 27. Kh1 Nf8 28. Rg1 Ne6 29. Bf5 Qc6+ 30. Be4 Qd6 31. Bf5 Qc6+ 32. Be4 Qd6 33. Ra1 Nf4 34. a4 Qe6 35. Bf5 Qc6+ 1/2-1/2

[Event "ESP-chT CECLUB Div2"]
[Site "Linares"]
[Date "2020.08.28"]
[Round "6.3"]
[White "Alvarez Serrano, Carlos"]
[Black "Castilla Leon Salas, Carlos"]
[Result "1-0"]
[WhiteElo "2206"]
[BlackElo "2238"]
[PlyCount "125"]
[EventDate "2020.08.24"]
[EventType "team-tourn"]
[EventRounds "6"]
[EventCountry "ESP"]
[SourceTitle "CBM 198 Extra"]
[Source "ChessBase"]
[SourceDate "2020.11.30"]
[SourceVersion "1"]
[SourceVersionDate "2020.11.30"]
[SourceQuality "1"]
[WhiteTeam "Albacete Excalibur"]
[BlackTeam "Reina Brillante"]
[WhiteTeamCountry "ESP"]
[BlackTeamCountry "ESP"]

1. e4 c5 2. Nf3 g6 3. c4 Nc6 4. d4 cxd4 5. Nxd4 Nf6 6. Nc3 Nxd4 7. Qxd4 d6 8. Be3 Bg7 9. f3 0-0 10. Qd2 Qa5 11. Be2 Be6 12. Rc1 Rfc8 13. b3 Nd7 14. Na4 Qxd2+ 15. Kxd2 Nc5 16. Nc3 f5 17. exf5 gxf5 18. Nd5 Kf7 19. Bd1 b5 20. Be2 bxc4 21. Bxc4 Rab8 22. Rhe1 a5 23. Nxe7 Kxe7 24. Bxc5 Rxc5 25. Rxe6+ Kd7 26. Rce1 Be5 27. Kd3 Rxc4 28. R6xe5 dxe5 29. bxc4 Ke6 30. Kc2 h5 31. f4 e4 32. Re3 Rb4 33. Rc3 Kd6 34. a3 Rb8 35. Rh3 Rg8 36. Rxh5 Rxg2+ 37. Kc3 Ke6 38. Rh6+ Ke7 39. Kd4 Rf2 40. Ke5 e3 41. Re6+ Kf7 42. Kxf5 e2 43. Re3 Rxh2 44. Kg4 a4 45. c5 Rg2+ 46. Kf3 e1Q 47. Rxe1 Rc2 48. Re4 Rc3+ 49. Kg4 Rxa3 50. Rc4 Ke7 51. c6 Kd8 52. f5 Ra1 53. f6 Rg1+ 54. Kf5 Rf1+ 55. Rf4 Rc1 56. Rxa4 Rc5+ 57. Kg6 Rxc6 58. Kg7 Rc1 59. Rd4+ Kc7 60. f7 Rg1+ 61. Kf6 Rf1+ 62. Kg6 Rf2 63. Rd5 1-0

[Event "Rilton Cup 49th"]
[Site "Stockholm"]
[Date "2020.01.05"]
[Round "9"]
[White "Alvarez Serrano, Carlos"]
[Black "Gagare, Shalmali"]
[Result "1-0"]
[WhiteElo "2216"]
[BlackElo "2100"]
[PlyCount "71"]
[EventDate "2019.12.27"]
[EventType "swiss"]
[EventRounds "9"]
[EventCountry "SWE"]
[SourceTitle "EXT 2021"]
[Source "ChessBase"]
[SourceDate "2020.10.23"]
[SourceVersion "1"]
[SourceVersionDate "2020.10.23"]
[SourceQuality "1"]

1. c4 e5 2. Nc3 Bb4 3. Qb3 Nc6 4. e3 Nf6 5. Nge2 0-0 6. a3 Be7 7. Ng3 d6 8. Qc2 Re8 9. Bd3 Bf8 10. b4 Ne7 11. 0-0 d5 12. cxd5 Nexd5 13. Nxd5 Qxd5 14. Ne4 Re6 15. Nxf6+ Rxf6 16. Bxh7+ Kh8 17. Be4 Qd6 18. Bb2 Rh6 19. Qc5 Qd8 20. Qxe5 f6 21. Qb5 c6 22. Qe2 f5 23. Bf3 Bd6 24. g3 Qg5 25. Bg2 Be6 26. f4 Qe7 27. d3 a5 28. e4 axb4 29. axb4 Rxa1 30. Rxa1 Bxb4 31. Bd4 Bc5 32. Qf2 Bxd4 33. Qxd4 fxe4 34. Ra8+ Kh7 35. Bxe4+ Rg6 36. Qe5 1-0

[Event "Rilton Cup 49th"]
[Site "Stockholm"]
[Date "2019.12.30"]
[Round "4"]
[White "Rasti, Arvin"]
[Black "Alvarez Serrano, Carlos"]
[Result "1-0"]
[WhiteElo "2181"]
[BlackElo "2216"]
[PlyCount "115"]
[EventDate "2019.12.27"]
[EventType "swiss"]
[EventRounds "9"]
[EventCountry "SWE"]
[SourceTitle "CBM 194 Extra"]
[Source "ChessBase"]
[SourceDate "2020.03.31"]
[SourceVersion "1"]
[SourceVersionDate "2020.03.31"]
[SourceQuality "1"]

1. c4 Nf6 2. Nc3 e5 3. g3 d5 4. cxd5 Nxd5 5. Bg2 Nb6 6. e3 Nc6 7. Nge2 h5 8. h3 Be6 9. a3 Qd7 10. Ne4 f5 11. Ng5 Bc4 12. b3 Bd3 13. h4 Be7 14. Bb2 Bf6 15. Rc1 e4 16. Bxf6 gxf6 17. Nh3 Ne5 18. Nhf4 0-0-0 19. Nd4 Nd5 20. Nxd5 Qxd5 21. Rc3 Ba6 22. Bf1 Nd3+ 23. Bxd3 Bxd3 24. Qc1 Qe5 25. f4 Qe7 26. Rc5 Rxd4 27. exd4 Rd8 28. Kf2 Rxd4 29. Qc3 Rd7 30. Re1 Qg7 31. Re3 b6 32. Rxf5 Qg4 33. Qc6 Rd6 34. Qa8+ Kd7 35. Rd5 Qh3 36. Rxd6+ cxd6 37. Qb7+ Kd8 38. Qb8+ Kd7 39. Qb7+ Kd8 40. Qa8+ Kd7 41. Qxa7+ Ke6 42. Rxd3 exd3 43. Qb7 f5 44. Qf3 Qh2+ 45. Qg2 Qxg2+ 46. Kxg2 Kd5 47. Kf2 Ke4 48. a4 d5 49. b4 d4 50. a5 bxa5 51. bxa5 Kd5 52. g4 hxg4 53. h5 Kc4 54. a6 Kb3 55. a7 Kc2 56. Ke1 g3 57. a8Q g2 58. Qxg2 1-0

[Event "ESP-chT CECLUB Div2"]
[Site "Linares"]
[Date "2019.08.23"]
[Round "7.6"]
[White "Sanchez Lopez, Juan Manuel"]
[Black "Alvarez Serrano, Carlos"]
[Result "1-0"]
[WhiteElo "2084"]
[BlackElo "2244"]
[PlyCount "59"]
[EventDate "2019.08.19"]
[EventType "team-swiss"]
[EventRounds "7"]
[EventCountry "ESP"]
[SourceTitle "EXT 2020"]
[Source "ChessBase"]
[SourceDate "2019.10.17"]
[SourceVersion "1"]
[SourceVersionDate "2019.10.17"]
[SourceQuality "1"]
[WhiteTeam "Barcelona CE"]
[BlackTeam "Albacete Excalibur"]
[WhiteTeamCountry "ESP"]
[BlackTeamCountry "ESP"]

1. c4 e6 2. e4 c5 3. Nc3 Nc6 4. g3 Nd4 5. Bg2 Ne7 6. d3 Nec6 7. f4 g6 8. Nf3 Bg7 9. 0-0 0-0 10. Be3 d6 11. Kh1 Rb8 12. Bg1 a6 13. Nxd4 Nxd4 14. Ne2 b5 15. Nxd4 cxd4 16. cxb5 Rxb5 17. b3 Bb7 18. Rc1 Qa5 19. Rf2 f5 20. Rfc2 fxe4 21. dxe4 e5 22. Qg4 d3 23. Qe6+ Kh8 24. Rc7 d2 25. Qd7 Rg8 26. Rd1 Ba8 27. Qxd6 Qxa2 28. Rxd2 Qxb3 29. Rd3 Qb1 30. Rxg7 1-0

[Event "Almansa op-A 14th"]
[Site "Almansa"]
[Date "2019.08.08"]
[Round "4"]
[White "Alvarez Serrano, Carlos"]
[Black "Gonzalez Laso, Adrian"]
[Result "1/2-1/2"]
[WhiteElo "2244"]
[BlackElo "2194"]
[PlyCount "41"]
[EventDate "2019.08.07"]
[EventType "swiss"]
[EventRounds "7"]
[EventCountry "ESP"]
[SourceTitle "EXT 2022"]
[Source "ChessBase"]
[SourceDate "2021.10.06"]
[SourceVersion "1"]
[SourceVersionDate "2021.10.06"]
[SourceQuality "1"]

1. d4 e6 2. Bf4 Nf6 3. Nf3 d5 4. e3 Nbd7 5. Nbd2 Be7 6. h3 0-0 7. Bd3 b6 8. c3 Bb7 9. Qb1 c5 10. Ne5 Re8 11. Nxd7 Qxd7 12. Be5 h6 13. g4 cxd4 14. exd4 Ne4 15. Nxe4 dxe4 16. Bxe4 f6 17. Bg3 e5 18. d5 Bxd5 19. Qd3 Rad8 20. 0-0-0 Bxe4 21. Qxe4 1/2-1/2

[Event "Ciudad Real-ch Men and Seniors"]
[Site "Ciudad Real"]
[Date "2019.07.06"]
[Round "4.1"]
[White "Gonzalez Lema, Carlos"]
[Black "Alvarez Serrano, Carlos"]
[Result "1/2-1/2"]
[WhiteElo "1961"]
[BlackElo "2238"]
[PlyCount "51"]
[EventDate "2019.07.04"]
[EventType "swiss"]
[EventRounds "7"]
[EventCountry "ESP"]
[SourceTitle "EXT 2024"]
[Source "ChessBase"]
[SourceDate "2023.10.10"]
[SourceVersion "1"]
[SourceVersionDate "2023.10.10"]
[SourceQuality "1"]

1. d4 d5 2. c4 e6 3. Nc3 c6 4. Nf3 f5 5. Bg5 Nf6 6. e3 Be7 7. Ne5 Nbd7 8. f4 0-0 9. Nxd7 Bxd7 10. Be2 Qb6 11. Qb3 Qxb3 12. axb3 Bb4 13. Bf3 Ne4 14. Bxe4 fxe4 15. Ke2 Rf7 16. c5 Bxc3 17. bxc3 a6 18. b4 Raf8 19. Raf1 Ra8 20. Bh4 h6 21. h3 Kh7 22. g4 Bc8 23. Bg3 Kg6 24. Rhg1 Kh7 25. Bh2 g6 26. h4 1/2-1/2

[Event "Ciudad Real-ch Men and Seniors"]
[Site "Ciudad Real"]
[Date "2019.07.04"]
[Round "1.4"]
[White "Alvarez Serrano, Carlos"]
[Black "Larios Crespo, Manuel"]
[Result "1-0"]
[WhiteElo "2238"]
[BlackElo "1784"]
[PlyCount "55"]
[EventDate "2019.07.04"]
[EventType "swiss"]
[EventRounds "7"]
[EventCountry "ESP"]
[SourceTitle "EXT 2024"]
[Source "ChessBase"]
[SourceDate "2023.10.10"]
[SourceVersion "1"]
[SourceVersionDate "2023.10.10"]
[SourceQuality "1"]

1. d4 Nf6 2. c4 g6 3. Nc3 Bg7 4. e4 d6 5. h3 0-0 6. Be3 c5 7. d5 b5 8. cxb5 a6 9. Nf3 axb5 10. Bxb5 Nxe4 11. Nxe4 Qa5+ 12. Nc3 Bxc3+ 13. bxc3 Qxb5 14. Nd2 e6 15. c4 Qb2 16. 0-0 exd5 17. cxd5 Ba6 18. Re1 Nd7 19. Ne4 Ne5 20. Bh6 Rfd8 21. Bg5 f5 22. Bxd8 Rxd8 23. Rb1 Qxa2 24. Ra1 Qb2 25. Nf6+ Kg7 26. Rxa6 Kxf6 27. f4 Nc4 28. Ra7 1-0

[Event "Lisbon Portugal op"]
[Site "Lisbon"]
[Date "2019.02.08"]
[Round "8"]
[White "Carrasco Martinez, Juan Manuel"]
[Black "Alvarez Serrano, Carlos"]
[Result "1/2-1/2"]
[WhiteElo "2380"]
[BlackElo "2201"]
[PlyCount "52"]
[EventDate "2019.02.02"]
[EventType "swiss"]
[EventRounds "9"]
[EventCountry "POR"]
[SourceTitle "CBM 188 Extra"]
[Source "ChessBase"]
[SourceDate "2019.02.26"]
[SourceVersion "1"]
[SourceVersionDate "2019.02.26"]
[SourceQuality "1"]

1. e4 c5 2. Nc3 d6 3. f4 g6 4. Nf3 Bg7 5. Bb5+ Bd7 6. a4 Nc6 7. 0-0 Nd4 8. d3 Nh6 9. h3 0-0 10. Bc4 Kh8 11. Be3 f5 12. Qd2 Nxf3+ 13. Rxf3 Bc6 14. Rff1 Ng8 15. Rae1 Nf6 16. Bf2 b6 17. Be6 fxe4 18. dxe4 Ne8 19. Bh4 Nc7 20. Bb3 Qd7 21. Nd5 Rae8 22. Nxc7 Qxc7 23. f5 gxf5 24. exf5 c4 25. Bxc4 Bxg2 26. Rf4 Ba8 1/2-1/2

[Event "Rilton Cup 48th"]
[Site "Stockholm"]
[Date "2019.01.04"]
[Round "8"]
[White "Murzin, Volodar"]
[Black "Alvarez Serrano, Carlos"]
[Result "1/2-1/2"]
[WhiteElo "2336"]
[BlackElo "2202"]
[PlyCount "121"]
[EventDate "2018.12.27"]
[EventType "swiss"]
[EventRounds "9"]
[EventCountry "SWE"]
[SourceTitle "CBM 188 Extra"]
[Source "ChessBase"]
[SourceDate "2019.02.26"]
[SourceVersion "1"]
[SourceVersionDate "2019.02.26"]
[SourceQuality "1"]

1. e4 g6 2. Nf3 Bg7 3. d4 c6 4. Bd3 d5 5. Nbd2 dxe4 6. Nxe4 Nd7 7. 0-0 Ngf6 8. Nxf6+ Nxf6 9. Re1 0-0 10. c3 b6 11. Ne5 Bb7 12. Qe2 Qc8 13. Nf3 e6 14. Bf4 Nd5 15. Be5 f6 16. Bg3 Re8 17. Nd2 e5 18. dxe5 fxe5 19. Ne4 Qc7 20. Rad1 Rad8 21. Ba6 Ba8 22. Bc4 Qe7 23. h4 Bb7 24. Ba6 Bxa6 25. Qxa6 h6 26. Qc4 Qe6 27. Rd2 Nf4 28. Qxe6+ Nxe6 29. Red1 Rxd2 30. Rxd2 Rd8 31. Rxd8+ Nxd8 32. Nd6 c5 33. Kf1 Kf8 34. Ke2 Nc6 35. Ke3 Ke7 36. Nb5 h5 37. Ke4 Ke6 38. a4 Bh6 39. Na3 Bf8 40. Nc4 Bd6 41. Nxd6 Kxd6 42. f3 Ke6 43. Bh2 Na5 44. Bxe5 Nc4 45. Bb8 Nxb2 46. Bxa7 Nxa4 47. c4 Nb2 48. Bxb6 Nxc4 49. Bxc5 Ne5 50. Bd4 Nc6 51. Ba1 Ne7 52. Kf4 Kf7 53. Kg5 Nd5 54. g4 hxg4 55. fxg4 Ne3 56. h5 gxh5 57. gxh5 Kg8 58. Kg6 Nd5 59. Be5 Ne7+ 60. Kf6 Kh7 61. Kxe7 1/2-1/2